Legal aspects of business:concepts and applications/ (Record no. 159466)

MARC details
000 -LEADER
fixed length control field 00574nam a22001937a 4500
005 - DATE AND TIME OF LATEST TRANSACTION
control field 20181219122448.0
010 ## - LCCN (DPL NO)
LC control number ENG-124577
020 ## - INTERNATIONAL STANDARD BOOK NUMBER
Terms of availability 595.00
International Standard Book Number 9789352718368
035 ## - SYSTEM CONTROL NUMBER
System control number EN-108109
037 ## - SOURCE OF ACQUISITION
Source of stock number/acquisition DBAD/PUB
082 ## - DEWEY DECIMAL CLASSIFICATION NUMBER
Classification number 346.5402
100 ## - MAIN ENTRY--PERSONAL NAME
Personal name Gupta, Parul
245 00 - TITLE STATEMENT
Statement of responsibility, etc by Parul Gupta
Title Legal aspects of business:concepts and applications/
260 ## - PUBLICATION, DISTRIBUTION, ETC. (IMPRINT)
Place of publication, distribution, etc Noida
Name of publisher, distributor, etc Vikas Publishing House
Date of publication, distribution, etc 2018
270 ## - ADDRESS
Address E-28, Sector-8,
City Noida
Postal code 201301
300 ## - PHYSICAL DESCRIPTION
Extent xx,772p.
Dimensions 24cm(pbk)
500 ## - GENERAL NOTE
General note It includes index
942 ## - ADDED ENTRY ELEMENTS (KOHA)
Source of classification or shelving scheme Dewey Decimal Classification
Item type English Books
Call number suffix GUP
Classification part 346.5402
Holdings
Withdrawn status Lost status Not for loan Collection code Home library Current library Date acquired Source of acquisition Cost, normal purchase price Full call number Barcode Copy number Cost, replacement price Koha item type
    Not For Loan Non-fiction D.B.Act.Division Bawana 19/12/2018 DBAD/PUB 595.00 346.5402 GUP EN-108109 1 595.00 English Books

© Delhi Public Library
Hit Counter
free hit counter